[Event "79th Tata Steel Chess 2017-Masters"]
[Site "Wijk aan Zee"]
[Date "2017.01.20"]
[Round "6"]
[White "Rapport, Richard"]
[Black "Wei, Yi"]
[Result "0-1"]
[WhiteElo "2702"]
[BlackElo "2706"]
[PlyCount "64"]
[EventDate "2017.??.??"]
[EventCountry "NED"]
[Source "ChessBase"]

1. e4 e5 2. Nf3 Nf6 3. Nxe5 d6 4. Nc4 Nxe4 5. Qe2 Qe7 6. Ne3 Be6 7. Nc3 (7. g3
Nc6 8. Bg2 d5 9. O-O O-O-O 10. c3 f5 11. d3 Nf6 12. Nc2 Qd7 13. Bg5 Bd6 14.
Nba3 h6 15. Bxf6 gxf6 16. Nb5 f4 17. Rae1 Bf7 18. Nxd6+ Qxd6 19. Qg4+ Kb8 20.
Qxf4 Qxf4 21. gxf4 Rhg8 22. f5 d4 23. Nxd4 Nxd4 24. cxd4 Rxd4 25. Kh1 Bxa2 26.
Re7 Rxd3 27. Rh7 Bd5 {0-1 (27) Cabrilo,G (2490)-Marciano,D (2485) Sabac 1998})
7... Nf6 8. g3 {[%csl Yb7][%cal Yf1g2,Yg2b7]} Nc6 9. Bg2 Qd7 10. b4 $5 {Avec
Richard Rapport, même une défense Petrov ne ressemble pas à une défense Petrov
!} d5 11. b5 Nd4 12. Qd3 c5 {[%csl Yc2,Yc3,Gc5,Gd5,Ye3][%cal Yd5d4,Yd4c2]} 13.
O-O O-O-O 14. Re1 h5 $1 15. h4 g5 $6 {Wei Yi lance son attaque, même si à ce
moment-là le module ne semblait pas d'accord et secouait la tête...} 16. b6 {
<< Dans les positions avec des roques opposés il ne faut pas rechercher le
gain matériel, sinon débuter son attaque le plus rapidement possible. >> Mark
Dvoretsky} a6 17. hxg5 Ng4 18. Ncxd5 h4 19. Nc7 h3 20. Bxb7+ $2 {Selon la
machine le sacrifice est complètement faux !} Kxb7 21. Qxa6+ Kc6 $1 ({Surtout
pas} 21... Kb8 $4 {à cause de l'évident} 22. Qa8#) 22. Nxg4 Bxg4 {[%csl Gd4,
Yf1,Yf3,Rg1,Yg2,Gg4,Yh1,Gh3,Gh8][%cal Yd4f3,Yf3g1,Yf3h2] Les Blancs possèdent
4 pions pour la pièce, mais leur Roi est en danger de mort !} 23. b7+ $6 {Une
fuite en avant, mais la partie était perdue de toute façon.} Kxc7 24. Qa5+ Kb8
$6 (24... Kd6 $1 25. Qb6+ Kd5 $19 {une variante que Wei Yi peut toujours jouer
plus tard, après une répétition pour approcher du 40e coup.}) 25. Qa8+ Kc7 26.
Qa5+ Kd6 $1 $19 27. Qb6+ Kd5 28. Re3 h2+ 29. Kh1 Qc6 30. Rb1 Qxb6 31. Rxb6 Bd6
32. Bb2 Rde8 0-1

[Event "Aeroflot Open A 2017"]
[Site "Moscow RUS"]
[Date "2017.02.24"]
[Round "4.3"]
[White "Bluebaum, Matthias"]
[Black "Najer, Evgeniy"]
[Result "0-1"]
[WhiteElo "2632"]
[BlackElo "2659"]
[Annotator "Sagar,Shah"]
[PlyCount "62"]
[EventDate "2017.02.21"]
[Source "ChessBase"]

1. Nf3 d5 2. g3 Bg4 3. Bg2 c6 {[%csl Gc6,Gd5]} 4. O-O Nf6 {[%cal Gb8d7,Ge7e5]}
5. h3 Bxf3 $5 {I like Najer's decision. The light squared bishop doesn't fit
into the scheme of things for Black and hence he exchanges it for the f3
knight.} 6. Bxf3 e5 7. d3 a5 $5 {Once again a very interesting move. Black
would want to gain more space with a5-a4. Black is happy if White plays a4
because then he gets the c5 square.} 8. a4 Bc5 9. Nd2 O-O 10. e4 Re8 11. c3
Nbd7 12. Bg2 Ba7 13. exd5 cxd5 14. Nb1 {[%csl Gb5] Does White have the time
and the luxury to go for a manoeuvre like Nd2-b1-a3-b5 where he loses so much
time? Apparently, yes!} e4 15. d4 h6 16. Na3 Bb8 17. Be3 Ra6 {[%cal Ga7a5]} 18.
b4 (18. b3 {With the idea of c4 would have weakened Black's centre to some
extent and was the right way to go.}) 18... axb4 19. cxb4 Nf8 20. Qb3 h5 $1 {
Looking to create some role for the b8 bishop with h5-h4.} 21. Bg5 N8h7 22. Bd2
h4 $1 23. g4 $2 {This is asking for trouble. The queen now comes to d6 and
enters h2.} Qd6 24. Rfc1 Qh2+ 25. Kf1 Bg3 $1 {A powerful blow!} 26. g5 (26.
fxg3 e3 $1 27. Bxe3 Nxg4 28. hxg4 Rf6+ {[%csl Ge8]} 29. Bf4 hxg3 30. Qf3 Ng5
$19) 26... Bxf2 27. Kxf2 e3+ $1 28. Bxe3 Nxg5 $1 29. Kf1 (29. Bxg5 Ne4+ $19)
29... Nh5 30. Ra2 Ng3+ 31. Ke1 Qg1+ {A great game by Najer.} 0-1

[Event "Aeroflot Open A 2017"]
[Site "Moscow RUS"]
[Date "2017.02.26"]
[Round "6.6"]
[White "Kamsky, Gata"]
[Black "Khismatullin, Denis"]
[Result "0-1"]
[WhiteElo "2669"]
[BlackElo "2639"]
[PlyCount "146"]
[EventDate "2017.02.21"]
[Source "ChessBase"]

1. d4 d5 2. Bf4 c5 3. e3 Nc6 4. Nf3 cxd4 5. exd4 Bg4 6. c3 e6 7. Nbd2 Bd6 8.
Bg3 Nge7 9. Bd3 Bf5 10. Be2 Ng6 11. Qb3 Rb8 12. a4 h5 13. Bxd6 Qxd6 14. O-O Nf4
15. Rfe1 h4 16. Bf1 f6 17. c4 Kf7 18. g3 hxg3 19. fxg3 Nh3+ 20. Kg2 dxc4 21.
Nxc4 Qd5 22. Ncd2 Qxb3 23. Nxb3 g5 24. Rac1 Rhd8 25. Bc4 Nb4 26. Nc5 Nd5 27.
Bb3 Rd6 28. Nd2 b6 29. Nce4 Rd7 30. Rc6 Rbd8 31. Nc3 Ndf4+ 32. gxf4 Nxf4+ 33.
Kg1 Rxd4 34. Nde4 Rb4 35. Bc4 Rxb2 36. Rd6 Rg2+ 37. Kf1 Rh8 38. Rd2 Rxd2 39.
Nxd2 Rxh2 40. Nde4 Bh3+ 41. Kg1 Rg2+ 42. Kh1 Rc2 43. Kg1 Bg2 44. Bb3 Rb2 45.
Nd6+ Ke7 46. Nf5+ Kd7 47. Rd1+ Ke8 48. Nd6+ Kf8 49. Rb1 Rxb1+ 50. Nxb1 f5 51.
Nc3 Ke7 52. Nc8+ Kf6 53. Nxa7 Bb7 54. Nab5 g4 55. Nd6 Bc6 56. Kf2 Ke5 57. Nc8
Nd3+ 58. Kg3 Bf3 59. Nxb6 f4+ 60. Kh4 g3 61. Nc4+ Kd4 62. Nd2 Ne5 63. Nxf3+
Nxf3+ 64. Kh3 Kxc3 65. a5 Ne1 66. Bxe6 g2 67. Kh2 Kd4 68. a6 f3 69. Bh3 Ke3 70.
Bxg2 fxg2 71. Kg1 Kf3 72. a7 Kg3 73. a8=B Nf3+ 0-1

[Event "Aeroflot Open A 2017"]
[Site "Moscow RUS"]
[Date "2017.02.26"]
[Round "6.9"]
[White "Jobava, Baadur"]
[Black "Kobalia, Mikhail"]
[Result "1-0"]
[WhiteElo "2701"]
[BlackElo "2628"]
[Annotator "Sylvain Ravot"]
[PlyCount "73"]
[EventDate "2017.02.21"]
[Source "ChessBase"]

1. d4 f5 2. b3 Nf6 3. Bb2 g6 4. Nc3 Bg7 5. f3 d6 6. e3 O-O 7. Qd2 e5 8. dxe5
dxe5 9. Bc4+ Kh8 10. Qxd8 Rxd8 11. Nh3 Re8 (11... h6 12. Nb5 Ne8 {[%csl Gc7]}
13. Bf7 $14 {[%cal Gf7g6,Gf7e8,Gb5c7]}) 12. Ng5 h6 13. h4 $1 Na6 (13... Nc6 14.
O-O-O $16) (13... hxg5 14. hxg5+ {[%csl Gc4,Yg8][%cal Yh8g8]} Nh7 15. Bf7 $18 {
[%csl Rh7][%cal Gf7g6]}) 14. O-O-O {[%csl Yc8] Les Noirs peinent à terminer
leur développement !} Nh5 (14... Bd7 15. h5 $1 {[%cal Gh5g6]} hxg5 (15... gxh5
16. Nd5 Nxd5 17. Rxd5 Bc6 18. Rxe5 Bxe5 19. Bxe5+ Rxe5 20. Nf7+) 16. hxg6+ Bh6
17. Rxd7 Nxd7 18. Rxh6+ Kg7 19. Rh7+ Kxg6 20. Rxd7) 15. Bf7 Rf8 16. Nd5 ({ou} 
16. Bxg6) 16... Ng3 17. Ne7 $5 Bf6 (17... Nxh1 18. Nxg6# {[%csl Gf7,Gg5]}) 18.
Nxg6+ Kg7 19. Nxf8 Kxf8 {[%cal Gg3h1,Gh6g5,Gf8f7]} 20. Bc4 Nxh1 (20... hxg5 21.
hxg5 Bg7 22. Rh7 $18 {[%cal Gh7g7,Gb2e5,Gd1d8]}) 21. Nh7+ {Ce Cavalier sera
resté longtemps en prise en g5 !} Kg7 22. Nxf6 Kxf6 23. Rxh1 {Après toutes ces
tactiques, les Blancs restent avec une position proche de gagnante : un pion
de plus, la paire de Fous et de meilleures pièces.} Be6 24. Be2 Rg8 25. g4 $1
Nb4 (25... fxg4 26. fxg4 Bxg4 27. Rf1+ Ke7 28. Bc4 Be6 29. Ba3+ c5 30. Bxa6
bxa6 31. Bxc5+ Kd7 32. Rf6 $18) 26. g5+ $1 hxg5 27. hxg5+ Rxg5 28. Bxe5+ Kg6 (
28... Kxe5 29. f4+) 29. f4 Bd5 (29... Rg3 30. Bh5+ Kh6 31. Bf7+ Rh3 32. Rxh3#)
30. Rh3 Rg1+ 31. Kb2 Rh1 32. Rxh1 Bxh1 33. Bxc7 Be4 34. Ba5 Nc6 (34... Nxc2 35.
Bd2 {[%csl Rc2][%cal Ge2d1] attrape le Cc2.}) 35. Bc3 Kf7 36. Bd4 Ke6 37. c4 {
Les Noirs préfèrent abandonner.} 1-0

[Event "Aeroflot Open A 2017"]
[Site "Moscow RUS"]
[Date "2017.02.26"]
[Round "6.20"]
[White "Gordievsky, Dmitry"]
[Black "Kuzubov, Yuriy"]
[Result "0-1"]
[WhiteElo "2564"]
[BlackElo "2643"]
[PlyCount "80"]
[EventDate "2017.02.21"]
[Source "ChessBase"]

1. d4 Nf6 2. Bf4 g6 3. e3 Bg7 4. Nf3 d6 5. c3 O-O 6. h3 c5 7. dxc5 dxc5 8. Qxd8
Rxd8 9. a4 Nc6 10. Bc7 Re8 11. Bc4 Bd7 12. Nbd2 Rac8 13. Be5 Red8 14. Bxf6 Bxf6
15. Nb3 b6 16. Nfd2 Ne5 17. Ba6 Rc7 18. f4 Nc6 19. Kf2 Na5 20. Nxa5 {Diagramme
#} Bc8 $1 21. Be2 (21. Bxc8 Rxd2+ 22. Ke1 Rxb2 $19) 21... Rxd2 22. Nc4 Bh4+ 23.
g3 Bxg3+ 24. Kf3 Bb7+ 25. e4 Rxe2 $1 26. Kxe2 Bxf4 27. Rhf1 (27. Kf3 Bh6 $17)
27... g5 28. a5 Bxe4 $17 29. a6 $2 (29. axb6 axb6 30. Nxb6 Rc6 $17) 29... Rc6
30. Rfd1 b5 31. Rd8+ Kg7 32. Nd2 Bf5 33. c4 bxc4 34. Nxc4 Bc8 (34... Bxh3 35.
Ra8 Rc7 $19) 35. Rxc8 Rxc8 36. Na5 Bc7 37. Nb7 Bb6 38. Kd3 c4+ 39. Kc3 h5 40.
Re1 Kf6 0-1

[Event "Aeroflot Open"]
[Site "Moscow RUS"]
[Date "2017.03.01"]
[Round "9.13"]
[White "Vidit, Santosh Gujrathi"]
[Black "Bindrich, Falko"]
[Result "1-0"]
[WhiteElo "2673"]
[BlackElo "2590"]
[PlyCount "77"]
[EventDate "2017.02.21"]
[Source "ChessBase"]

1. Nf3 d5 2. g3 c6 3. Bg2 Bg4 4. O-O Nd7 5. d3 Ngf6 6. h3 Bh5 7. Qe1 e5 8. e4
dxe4 9. dxe4 Bc5 10. a4 a5 11. Nbd2 O-O 12. Nc4 Qc7 13. Bd2 b6 14. Nh4 Rfe8 15.
Kh1 Bg6 16. Rd1 Nf8 17. Bg5 N6d7 18. Nf5 Ne6 19. Ncd6 Bxd6 20. Nxd6 Reb8 21.
Be7 Ndc5 22. Nf5 Nb7 23. Qc3 Nec5 24. Bg5 Re8 25. b3 f6 26. Be3 Rad8 27. f4 Kh8
28. fxe5 fxe5 29. Qc4 Bh5 30. Rxd8 Rxd8 31. Bg5 Rb8 32. Nxg7 Nd6 33. Ne8 Bf7
34. Nxc7 Bxc4 35. bxc4 Rc8 36. Bf6+ Kg8 37. Bxe5 Nxc4 38. Bf4 Nxa4 39. h4 1-0

[Event "U.S. Championships Men 2017"]
[Site "Saint Louis"]
[Date "2017.04.05"]
[Round "7"]
[White "Xiong, Jeffery"]
[Black "Shabalov, Alexander"]
[Result "0-1"]
[WhiteElo "2674"]
[BlackElo "2556"]
[PlyCount "52"]
[EventDate "2017.??.??"]
[EventCountry "USA"]
[Source "ChessBase"]

1. e4 c6 2. Nf3 d5 3. Nc3 g6 4. d4 Bg7 5. h3 Nf6 6. e5 Ne4 7. Nxe4 dxe4 8. Ng5
c5 9. Bc4 O-O 10. c3 cxd4 11. cxd4 Nc6 12. Be3 Qa5+ 13. Kf1 h6 14. Nxe4 Rd8 15.
f4 b5 16. Bb3 Nxd4 17. Bxd4 Qb4 18. Qf3 Rxd4 19. a3 Qa5 20. Nf6+ Bxf6 (20...
exf6 21. Qxa8 Qc7 (21... Rxf4+ 22. Kg1 Qc7 23. Kh2 $13) 22. Kg1 Bf8 23. Kh2 Bb7
24. Qe8 Rd2 25. Rhg1 Bc6 26. Bxf7+ Qxf7 27. Qxc6 fxe5 28. fxe5 {1-0 (28)
Ibragimov,I (2515)-Stangl,M (2465) Dortmund 1992}) 21. exf6 (21. Qxa8 Rxf4+ 22.
Ke2 Qc7 23. exf6 Qe5+ 24. Kd1 $13) 21... Qb6 $1 22. f5 Bb7 23. Qg3 g5 24. fxe7
Re8 25. Re1 Rf4+ 26. Ke2 Qd4 (26... Qd4 27. Qe3 Rxe7 28. Be6 (28. Qxe7 Rf2#)
28... Qxb2+ 29. Kd1 Rd4+ $19) 0-1

[Event "4th Shamkir Chess 2017"]
[Site "Shamkir"]
[Date "2017.04.22"]
[Round "2"]
[White "Wojtaszek, Radoslaw"]
[Black "Topalov, Veselin"]
[Result "0-1"]
[WhiteElo "2745"]
[BlackElo "2741"]
[PlyCount "68"]
[EventDate "2017.??.??"]
[EventCountry "AZE"]
[Source "ChessBase"]

1. d4 d5 2. c4 c6 3. Nf3 Nf6 4. e3 Bf5 5. Nc3 e6 6. Nh4 Bg6 7. Nxg6 hxg6 8. Bd3
c5 9. Qb3 Qd7 10. cxd5 exd5 11. dxc5 Nc6 12. Bd2 Bxc5 13. Rc1 Rd8 14. Na4 Bd6
15. Nc5 Bxc5 16. Rxc5 d4 17. Bb5 O-O 18. Bxc6 bxc6 19. f3 Qe7 20. Rc2 Nd5 21.
Kf2 Rb8 22. Qa3 Rxb2 $3 23. Qxb2 (23. Rxb2 Qxa3) 23... dxe3+ 24. Bxe3 Qxe3+ 25.
Kg3 Qf4+ 26. Kf2 Rb8 27. Qc1 Qd4+ 28. Kg3 Ne3 29. Rc5 Rb2 30. Rg1 Rxa2 31. h3
Qd6+ 32. f4 Qd3 33. Kh2 Qe4 34. Rg5 Rc2 0-1

[Event "4th Shamkir Chess 2017"]
[Site "Shamkir"]
[Date "2017.04.25"]
[Round "5"]
[White "Karjakin, Sergey"]
[Black "Topalov, Veselin"]
[Result "1-0"]
[WhiteElo "2783"]
[BlackElo "2741"]
[PlyCount "59"]
[EventDate "2017.??.??"]
[EventCountry "AZE"]
[Source "ChessBase"]

1. e4 c6 2. d4 d5 3. e5 c5 4. dxc5 e6 5. a3 Bxc5 6. Nf3 Ne7 7. Bd3 Ng6 8. O-O
Nc6 9. b4 Bb6 10. Bb2 Nf4 11. c4 Nxd3 12. Qxd3 dxc4 13. Qxc4 Ne7 14. Nc3 Bd7
15. Qg4 Bc6 16. Rad1 Qc7 17. Ng5 Qxe5 18. b5 h5 19. Qh4 Bxb5 20. Rfe1 Qf5 21.
Nxb5 Qxb5 22. Bxg7 Nf5 23. Nxe6 fxe6 24. Rxe6+ Kf7 25. Qf6+ Kg8 26. Bxh8 Bxf2+
27. Kh1 Qa4 28. Red6 Rf8 29. Qg6+ Kxh8 30. Rd7 1-0

[Event "Altibox Norway Chess 2017"]
[Site "Stavanger"]
[Date "2017.06.14"]
[Round "7"]
[White "Kramnik, Vladimir"]
[Black "Carlsen, Magnus"]
[Result "1-0"]
[WhiteElo "2808"]
[BlackElo "2832"]
[Annotator "Ravot,Sylvain"]
[PlyCount "79"]
[EventDate "2017.??.??"]
[EventCountry "NOR"]
[Source "ChessBase"]

1. e4 e5 2. Nf3 Nc6 3. Bc4 Bc5 4. c3 Nf6 5. d3 d6 6. O-O a6 7. Re1 Ba7 8. a4
O-O 9. h3 Ne7 10. d4 Ng6 11. Nbd2 c6 12. Bd3 Re8 13. Bc2 h6 14. Nf1 exd4 $5 {
Abandonne le centre.} 15. cxd4 c5 16. d5 {Vladimir Kramnik : << La première
phase de la partie est terminée, j'ai obtenu un bon avantage dans l'ouverture.
Maintenant, je vais faire de mon mieux pour le gâcher. >>} b5 17. axb5 axb5 18.
Ng3 (18. b3 $142) 18... Bd7 19. Be3 {b3-Fb2 était préférable.} Bb6 20. Rxa8
Qxa8 21. b4 Qa7 22. Qa1 Qc7 $2 (22... Ra8 23. Qxa7 Rxa7 24. Rd1 Ra2 25. Bd3 $14
) 23. Bxh6 {Magnus a avoué avoir manqué ce coup, ce qui est incroyable !} cxb4
24. Bxg7 $1 (24. Rc1 $5) 24... Qxc2 (24... Kxg7 $2 25. Nh5+ Kf8 26. Qxf6 {
menace Cg5} Qd8 27. Qg7+ Ke7 28. Ng5 Rf8 29. Qf6+ Ke8 30. Ng7#) 25. Qxf6 Qxf2+
$2 {et Carlsen se trompe.} ({Il fallait jouer} 25... Bxf2+ 26. Kh2 Qc3 (26...
Bxe1 $4 27. Bh6 Qc3 28. e5 $18) 27. Re2 Qxf6 28. Bxf6 Bc5 $13 {et les Noirs
conservent des chances plus qu'honorables.}) 26. Kh2 Bd8 27. Qxd6 Nh4 (27...
Kxg7 $2 28. Qxd7 $18) 28. Nxh4 Bxh4 29. Nh5 $1 Bxh3 $1 (29... Qxe1 30. Qh6 f6
31. Bxf6 $18) 30. Rg1 $1 (30. Kxh3 $2 Qxe1 31. Qh6 Qh1+ 32. Kg4 Qxg2+ 33. Kxh4
Rxe4+ 34. Nf4 Qxg7 $19) 30... Bg5 31. Bf6 $1 Bg4 (31... Bxg2 32. Qg3 $1 {Une
très jolie pointe.} (32. Rxg2 $2 Qh4+ 33. Kg1 Qe1+ 34. Kh2 Qh4+) 32... Qxg3+
33. Kxg3 $18) 32. Bxg5 Bxh5 33. Qh6 Rxe4 (33... Bg6 {avec une variante
importante} 34. d6 Qd4 35. d7 Qxd7 36. Bf6 Qd6+ 37. e5 $18) 34. Qxh5 Qf5 35.
Qh6 b3 36. Bf6 {Force l'échange des Dames et la victoire.} Qf4+ 37. Qxf4 Rxf4
38. d6 Rxf6 39. Rd1 Rh6+ 40. Kg1 {Un gros coup dur pour le champion du monde
qui se retrouve à 2,5/7.} 1-0

[Event "Ding Liren vs Giri Match"]
[Site "Wenzhou CHN"]
[Date "2017.08.09"]
[Round "2"]
[White "Ding Liren"]
[Black "Giri, A."]
[Result "0-1"]
[WhiteElo "2777"]
[BlackElo "2772"]
[Annotator "SR"]
[PlyCount "90"]
[EventDate "2017.08.07"]
[Source "ChessBase"]

1. e4 e5 2. Nf3 Nc6 3. Bc4 Bc5 {Italienne Giuoco piano, jeu lent.} 4. O-O Nf6
5. d3 O-O 6. h3 d6 7. c3 a6 8. a4 Ba7 9. Re1 (9. Bg5 h6 10. Bh4 g5 11. Bg3 Nh5
12. Bh2 g4 13. hxg4 Bxg4 $11) 9... h6 (9... b5 10. Bb3 (10. axb5 axb5 11. Bxb5
Bxf2+ 12. Kxf2 Rxa1 13. Bxc6 Rxb1)) 10. Nbd2 Be6 (10... Re8 11. b4 Be6 12. Bxe6
Rxe6 13. Nf1 Ne7 14. Ng3 Ng6 15. d4 Qd7 16. d5 Ree8 17. a5 c6 18. c4 cxd5 19.
cxd5 Rac8 20. Qd3 Rc7 21. Bd2 Rec8 22. Nf5 Rc4 23. Rac1 Rxe4 24. Rxc8+ Qxc8 25.
Nxd6 Rxe1+ 26. Nxe1 Qd7 27. Ne4 Nxd5 28. Bxh6 Bd4 29. Qc4 Qc6 30. Qxc6 bxc6 31.
Bd2 {1-0 Vachier Lagrave,M (2796)-Carlsen,M (2832)/Paris FRA 2017 (71)}) 11.
Bxe6 fxe6 12. Nf1 ({joué le lendemain} 12. b4 Qe8 (12... Nh5 13. Ra2 Qf6 14.
Nc4 b5 15. Ne3 Bb6 16. Ng4 Qe7 17. Be3 Bxe3 18. fxe3 Rab8 19. axb5 axb5 {1/2-1/
2 Anand,V (2786)-Carlsen,M (2832)/Stavanger NOR 2017 (34)}) 13. Nf1 Nh5 14. Be3
Bxe3 15. Rxe3 Nf4 16. Rb1 b5 17. Ra1 Qg6 18. Ng3 Qf6 19. Ne2 Ng6 20. Qb3 Kh8
21. Rf1 Rab8 22. g3 Qf7 23. Nh2 d5 24. Rf3 Qd7 25. axb5 axb5 26. Kg2 Rxf3 27.
Nxf3 Rf8 28. Neg1 Ra8 {1-0 Karjakin,S (2773)-So,W (2810)/Saint Louis 2017 (63)}
) 12... Nh5 13. Be3 {Il faut neutraliser le Fa7.} a5 (13... Bxe3 14. Rxe3 {
proche de Karjakin-So.}) 14. Bxa7 Rxa7 15. d4 Qf6 (15... exd4 16. Nxd4 Nxd4 17.
cxd4 Nf4 18. Ra3 b5 $1 19. axb5 Qg5 $36) 16. Re3 {Prophylactique} (16. Ne3 Nf4
$36 {menace Cxh3+.}) 16... Nf4 17. h4 $6 {Pour jouer g3 mais un
affaiblissement qui pourra coûter cher.} (17. Ng3 $142 Raa8 18. Ne2 $11) 17...
Qg6 18. g3 Raa8 {Coup logique mais laisse dxe5 !} (18... exd4 19. cxd4 Ra6 20.
Kh1 Nh5 21. Qe2 Nf6 22. N1d2 Rb6 23. b3 Rb4 24. Qd3 Ng4 25. Re2 Nxd4 $1 26.
Nxd4 Nxf2+ 27. Rxf2 Rxf2 {menace Dg4} 28. Rf1 Rxd2 $1 29. Qxd2 Qxg3 30. Nf3
Qh3+ 31. Kg1 Qg4+ 32. Qg2 Qxe4 $19 {avec 4 pions pour la pièce et l'attaque.})
19. dxe5 Nxe5 20. Nxe5 dxe5 {menace Ch3+.} 21. f3 (21. Kh2 Rad8 22. Qc2 (22.
Qe1 $2 Nd3) 22... Nd5 23. Re2 Nf6 24. f3 Qh5 25. Kg2 Rf7 26. Rd1 Rdf8 $15)
21... Rad8 22. Qc2 Nh5 23. Kh2 Rf6 24. Rd1 Rdf8 25. Rdd3 (25. Qg2 Qf7 26. Rdd3
g5 27. hxg5 hxg5 28. Kg1 g4 $15) 25... Qf7 26. Qd1 (26. Kg2 Rg6 27. Kh2 Qe7 28.
Qf2 $13) 26... Rg6 27. Qe1 {Prophylactique. On pourrait penser que la position
blanche est très solide.} (27. Rd7 $2 Qf6 $19) 27... Qe7 28. Kh3 $2 {Que jouer
?} (28. Qf2 $142 Nxg3 $5 (28... Rxg3 $2 29. Nxg3 Qxh4+ 30. Kg2 Nf4+ 31. Kf1 $16
) 29. Nxg3 Rf4 (29... Qxh4+ 30. Kg2) 30. Kg2 Rxh4 31. Re1 (31. Rd1 $142 $1 Rh5
32. f4 exf4 33. Qxf4 e5 34. Qf2 Qh4 35. Qe2 Rhg5 $44) 31... Rh5 32. f4 (32. Rh1
$2 Rxg3+ $1 33. Qxg3 Rg5 $17) 32... exf4 33. Qxf4 e5 $44) 28... Rxg3+ $3 {
Superbe sacrifice de Tour de Giri !} 29. Nxg3 Nf4+ {Profite du placement du
Roi blanc.} 30. Kh2 (30. Kg4 Qf6 31. h5 Qg5#) 30... Qxh4+ 31. Kg1 Rf6 $1 {Très
jolie conception du joueur néerlandais ! L'attaque se poursuit par un coup
calme mais dévastateur. La menace est Tg6, ingérable. Remarquons le manque de
coordination des Tours blanches et la puissance du Cf4.} (31... Nxd3 $4 32.
Rxd3 $16) 32. Rd8+ Kh7 33. Rd2 Rg6 34. Rg2 (34. Rh2 Rxg3+ 35. Kh1 Nh3 36. Qf1
Qg5 37. Re1 (37. Rxh3 Rxh3+ 38. Qxh3 Qxe3 $19) 37... Rg1+ 38. Qxg1 Nxg1 39.
Rxg1 Qe3 {et les Noirs obtiennent cette finale gagnante. Voici une ligne
illustrative.} 40. Rf1 g6 41. Rhf2 h5 42. Kg2 g5 43. Rd1 Kg6 44. Rd7 h4 45.
Rdd2 (45. Rxc7 h3+ 46. Kg3 Qe1 $1 47. Rxb7 h2 $19 (47... Qg1+)) 45... g4 46.
fxg4 Qxe4+ 47. Kh3 Kg5 48. Rg2 Qf3+ 49. Kh2 Qf4+ 50. Kh3 e4 51. Rdf2 Qe3+ 52.
Kh2 h3 53. Re2 Qd3 54. Rgf2 e3 $19) 34... h5 $6 {Seule imprécision de Giri
dans cette partie.} (34... Nxg2 $142 35. Kxg2 h5 $19 36. Re2 (36. Qf2 Qf4 37.
Kh3 Rxg3+ 38. Qxg3 Qxe3 $19) 36... Qf4 37. Kh3 Qxf3 38. Re3 Qg4+ 39. Kh2 h4 $19
) 35. Rh2 $1 Rxg3+ 36. Kh1 Qg5 {Les Noirs conservent une position gagnante.
Ils ont deux pions pour la qualité, un Cf4 surpuissant, l'attaque.} 37. Qf1 h4
38. Re1 {Les pièces blanches semblent égarées sur l'échiquier.} h3 39. Rd1 Qh5
40. Rd7 (40. Rf2 Rg2 41. Rdd2 Qh4 {menace Ch5 !} 42. Rc2 (42. b4 Nh5 43. Rxg2
hxg2+ 44. Kxg2 Qg5+ {ramasse la Td2.}) 42... c5 (42... Qg3 43. Rxg2 hxg2+ 44.
Rxg2 Nxg2 45. Qxg2 Qxg2+ 46. Kxg2 Kh6 47. Kh2 Kg5 48. Kg3 c5 49. b3 g6 50. c4
b6 51. Kg2 Kf4 52. Kf2 g5 53. Kg2 g4 54. fxg4 Kxg4 $19) ({mais pas} 42... Nh5
$2 43. Rxg2 hxg2+ 44. Kxg2 $14) 43. c4 Kg6 $1 44. Rfd2 Kg5 $3 45. Rf2 Qg3 46.
Rxg2 hxg2+ 47. Rxg2 Nxg2 48. Qxg2 Kf4 49. Qd2+ Kxf3 $19) 40... Qxf3+ (40...
Rxf3 $19) 41. Qxf3 Rxf3 42. Rhd2 Kh6 43. Rd8 (43. Rxc7 g5 44. Rdd7 Kh5 45. Rxb7
Kg4 46. Rd1 Ne2 47. Rg7 Ng3+ 48. Kg1 (48. Kh2 Rf2+ 49. Kg1 Rg2#) 48... Nxe4 $19
) 43... Kh5 44. Rh8+ Kg4 45. Rd1 Ne2 {avec une position similaire à 43.Txc7.
Très belle partie d'Anish Giri qui revient aux portes du top 10 mondial.} 0-1

[Event "FIDE World Cup 2017"]
[Site "Tbilisi GEO"]
[Date "2017.09.04"]
[Round "1.2"]
[White "Sethuraman, S.P."]
[Black "Ponomariov, Ruslan"]
[Result "1-0"]
[WhiteElo "2618"]
[BlackElo "2692"]
[PlyCount "115"]
[EventDate "2017.09.03"]
[Source "ChessBase"]

1. e4 e5 2. Nf3 Nc6 3. Bb5 a6 4. Ba4 Nf6 5. O-O Be7 6. Re1 b5 7. Bb3 O-O 8. c3
d6 9. h3 a5 10. d4 a4 11. Bc2 Bd7 12. Na3 Rb8 13. d5 Na7 14. Be3 c5 15. Nxe5
dxe5 16. d6 Rc8 17. f4 Ne8 18. dxe7 Qxe7 19. fxe5 Bc6 20. Qh5 Nc7 21. Nb1 Be8
22. Nd2 Nc6 23. Nf3 Ne6 24. Rad1 Rd8 25. Rd5 a3 26. bxa3 Ra8 27. Bc1 Na5 28.
Ng5 h6 29. Nf3 Nc4 30. Qg4 Nxa3 31. Bd1 Nb1 32. Nh4 h5 33. Qg3 Nxc3 34. Nf5
Nxd5 35. exd5 Qd7 36. Bh6 Kh7 37. Bxg7 Rg8 38. Bc2 Rxa2 39. Nh6+ Rxc2 40. Nxg8
Kxg8 41. Bf6+ Kh7 42. Qd3+ Kh6 43. Qe3+ Kh7 44. Qe4+ Kh6 45. Qxc2 Qxd5 46. Rd1
Qc4 47. Qd2+ Kg6 48. Qf2 Qf4 49. Qc2+ Kh6 50. Rd6 b4 51. h4 Qg4 52. Rb6 Qg3 53.
Rb8 Nd4 54. Qe4 Qg8 55. Qf4+ Kh7 56. Qe4+ Kh6 57. Bg5+ Kg7 58. Qa8 1-0

[Event "FIDE World Cup 2017"]
[Site "Tbilisi GEO"]
[Date "2017.09.10"]
[Round "3.2"]
[White "Dubov, Daniil"]
[Black "Artemiev, Vladislav"]
[Result "1-0"]
[WhiteElo "2666"]
[BlackElo "2692"]
[Annotator "SR"]
[PlyCount "81"]
[EventDate "2017.09.03"]
[Source "ChessBase"]

1. e4 c5 2. Nf3 d6 3. d4 cxd4 4. Nxd4 Nf6 5. Nc3 a6 6. Bg5 e6 7. f4 h6 8. Bh4
Be7 9. Qf3 Nbd7 10. O-O-O g5 11. fxg5 hxg5 12. Bg3 Qc7 {Diagramme #} 13. Bb5 $1
g4 14. Qe2 e5 15. Nf5 axb5 16. Nxb5 Qc6 17. Nbxd6+ Bxd6 18. Nxd6+ Kf8 19. a3
Ne8 20. Nf5 Ra4 21. Be1 Ndf6 22. Ng3 Nxe4 23. Rd8 Be6 24. Bb4+ $1 Rxb4 25. axb4
Nxg3 26. Qxe5 Ke7 27. Rhd1 Rxh2 28. b5 $1 (28. Qxg3 Rxg2 29. Qd3 Nf6 $19) 28...
Ne2+ $6 29. Kb1 $1 (29. Qxe2 Qxg2 $11) 29... Qc4 (29... Qb6 $1 30. Qxh2 Qa5 $13
) 30. Rxe8+ $1 Kxe8 31. Qb8+ Bc8 (31... Ke7 32. Qd8#) 32. Qxh2 Nc3+ 33. bxc3
Qxb5+ 34. Kc1 Qg5+ 35. Rd2 Qa5 36. Rd4 Qg5+ 37. Kd1 Qf6 38. Qc7 Qf1+ 39. Kd2
Qxg2+ 40. Kc1 Qf1+ 41. Rd1 1-0